| 000 | 01339cam a2200253 4500 | ||
|---|---|---|---|
| 001 | ##L133898 | ||
| 008 | 060616n2006 000 0 eng u | ||
| 020 |
_a0860176487 _a9780860176480 |
||
| 035 | _a(Sirsi) u133898 | ||
| 041 | 0 | _aeng | |
| 050 | 0 | 4 | _a614.77 $2 18 |
| 100 | 1 | _aMurnane, Emma | |
| 245 | 0 | 0 |
_aControl of water pollution from linear construction projects _btechnical guidance |
| 260 |
_aLondon _bCIRIA _c2006 |
||
| 300 |
_a234p. _bcol. ill. _c30cm. |
||
| 490 | 0 |
_aCIRIA _vC648 |
|
| 505 | 2 | _aCharacteristics of linear projects and understanding water pollution -- Planning and design -- Construction | |
| 520 | _aProvides guidance to clients, consultants, designers, contractors and regulators on how to plan and manage water pollution from road, railway, pipeline, waterway and other linear construction projects. Addresses this issue throughout the whole project cycle, from the design scheme through to construction and commissioning, and also highlights issues encountered on upgrades and on-line replacement. Sets out generic best practice and procedures for England, Wales, Scotland and Northern Ireland, and includes regional legislative and regulatory variations. | ||
| 651 | 4 |
_aUnited Kingdom _y |
|
| 690 |
_aConstruction management _96230 |
||
| 700 | 1 | _aHeap, Andy | |
| 700 | 1 | _aSwain, Andrew | |
| 942 | _n0 | ||
| 999 |
_c105499 _d105499 |
||